000 00732nam a2200217Ia 4500
003 GCL
008 140319s9999 xx 000 0 ara d
040 _aGCL /
_cGCL
082 0 4 _a956.904
_bأ أ
245 1 0 _aالانتفاضة
250 _aالاولى
260 _aتونس :
_bاتحاد كتاب اسيا وافريقيا ،
_c1988
300 _a267 ص ؛
_c30 سم
490 _aمنشورات تونس
_v0
650 0 4 _aالنزاع العربى الاسرائيلى
650 0 4 _aالانتفاضة الفلسطينية
650 0 4 _aالفدائيون الفلسطينيون
650 0 4 _aالشهداء - فلسطين - تاريخ
650 0 4 _aالمقالات العربية - فلسطين
942 _2ddc
_cBK
999 _c5039
_d5039